00521nam a2200181Ia 450000500170000000800410001702000180005804100120007608200160008810000210010424500750012526000540020030000210025465000180027565000200029365000180031365000080033120260429111955.0260429s9999||||xx |||||||||||||| ||und|| a9789811278495 aEnglish a343.73bPAR aParry, Richard O 0aInternet law and business : binternational issues / cRichard O Parry aSingapore : bWorld Scientific Publishing,c2024. avii, 502 p.; pbk a Business law a Commercial law a Internet law aLaw